Revisionists Rising China Russia Iran And North Korea In The Global Order/ (Record no. 216494)

MARC details
000 -LEADER
fixed length control field 00676nam a22002057a 4500
005 - DATE AND TIME OF LATEST TRANSACTION
control field 20260604122456.0
010 ## - LCCN (DPL NO)
LC control number ENG-148737
020 ## - INTERNATIONAL STANDARD BOOK NUMBER
International Standard Book Number 9789347435928
Terms of availability 399.00
035 ## - SYSTEM CONTROL NUMBER
System control number EN-132269
037 ## - SOURCE OF ACQUISITION
Source of stock number/acquisition DBAD
082 ## - DEWEY DECIMAL CLASSIFICATION NUMBER
Classification number 327.5
Edition number 1
245 ## - TITLE STATEMENT
Title Revisionists Rising China Russia Iran And North Korea In The Global Order/
Statement of responsibility, etc Edited by Harsh V Pant [and] Rahul Rawat
250 ## - EDITION STATEMENT
Edition statement 1
260 ## - PUBLICATION, DISTRIBUTION, ETC. (IMPRINT)
Place of publication, distribution, etc New Delhi
Name of publisher, distributor, etc Har Anand Publication
Date of publication, distribution, etc 2026
270 ## - ADDRESS
Address E-49/3, Okhla Industrial Area, Phase-II,
City New Delhi
Postal code 110020
300 ## - PHYSICAL DESCRIPTION
Extent 85p.
Dimensions 22cm(hb)
700 ## - ADDED ENTRY--PERSONAL NAME
Personal name Pant, Harsh V
Relator term Editor
700 ## - ADDED ENTRY--PERSONAL NAME
Personal name Rawat, Rahul
Relator term Editor
9 (RLIN) 89301
942 ## - ADDED ENTRY ELEMENTS (KOHA)
Source of classification or shelving scheme Dewey Decimal Classification
Item type English Books
Classification part 327.5
Call number suffix REV
Holdings
Withdrawn status Lost status Not for loan Collection code Home library Current library Date acquired Source of acquisition Cost, normal purchase price Full call number Barcode Copy number Cost, replacement price Koha item type
    Not For Loan Non-fiction D.B.Act.Division D.B.Act.Division 04/06/2026 Delivery of Books Act Division 399.00 327.5 REV EN-132269 1 399.00 English Books

© Delhi Public Library
Hit Counter
free hit counter